| 000 | 01583cam a2200265 4500 | ||
|---|---|---|---|
| 001 | ABS63106 | ||
| 008 | 000000n2000 000 0 eng u | ||
| 035 | _a(Sirsi) u109682 | ||
| 100 | _aTolson, S | ||
| 245 | _aBe prepared | ||
| 260 | _c2000 | ||
| 490 |
_aBuilding _v265(8163) 24 November 2000, 57(1) |
||
| 520 | _aExamines how the JCT design-and-build contract can cause considerable problems for employers if queries arise regarding interim payments. Key omissions in the contract empower the contractor at the employer's expense; there is no provision for the contract administrator or QS to value the contractor's work, and there is no provision for the certification by a contract administrator of the money due to the contractor. This can result in the contractor submitting an application as a lump sum which is almost impossible to check, and the employer facing severe time constraints if he wishes to object to the contractor's valuation. In addition, if the employer fails to serve a withholding notice with regard to a set off or deduction, the contractor's application sum automatically becomes payable. | ||
| 590 | _aABS | ||
| 650 | _aINTERIM PAYMENTS | ||
| 650 |
_aValuation _96273 |
||
| 650 | _aBUILT ENVIRONMENT-BUILDING CONTRACT FORMS-STANDARD FORMS OF BUILDING CONTRACT-JOINT CONTRACTS TRIBNUAL CONTRACTS | ||
| 650 | _aCONTRACT ADMINISTRATOR | ||
| 650 | _aDESIGN AND BUILD CONTRACTS | ||
| 650 | _aCONTRACTORS | ||
| 650 | _aWITHHOLDING | ||
| 650 | _aCERTIFICATION | ||
| 690 | _aBUILDING AND CONSTRUCTION-CONTRACTS-JCT CONTRACTS | ||
| 942 | _n0 | ||
| 999 |
_c65479 _d65479 |
||